000 00481nam a2200133Ia 4500
008 100328s9999 xx 000 0 und d
082 _b14441
100 _aवाळिबे वि.स.
245 _aइंदिरा गांधींचे साथीदार
260 _bस्मिता
630 _aइंदिरा गांधींचे साथीदार
730 _aइंदिरा गांधींचे साथीदार
942 _cBOOK
999 _c509409
_d509406